009230000a220009700045001000031000002450076000313000035001075200606001426500019007487730058007671 aVieira Sampaio, Tania Mara10aConsideraciones para una hermenéutica de género del texto bíblico aNum. 37 (2000), Páginas 7-14 aEste artículo pretende indicar algunas perspectivas teórico-metodológicas para el estudio del texto bíblico. El centro está en la mediación de género como categoría de análisis de la realidad y de los textos. Se trata de observar las relaciones sociales de poder entre mujeres y varones en su vida cotidiana en la historia. El propósito de una hermenéutica de género no es simplemente hacer visibles a las mujeres. Esto arruina el carácter de un análisis de la realidad y del texto bíblico, ya que ambos están estructurados por medio de relaciones sociales de género.14aHERMENÉUTICA0 tRevista de Interpretación Bíblica Latinoamericana